000 00858nam a2200277 a 4500
005 20200104041519.0
008 140226t1999 ne o fr|||| 000 0 dut d
040 _aCO-BoIAVH
_cCO-BoIAVH
041 1 _ager
_heng
044 _agx
082 _a338.9
_bE19d
110 2 _bEcooperation Foundation
245 1 0 _aDuurzame - Ontwikkelingsverdragen :
_btussenbalans van een vernieuwingsproces
246 1 1 _aSustainable development agreements :
_binterim balance of an innovative process
260 _aAmsterdam :
_bEcooperation,
_c1999.
300 _a55 páginas :
_bFotografĂ­as;
_c28 x 22 cm.
650 6 _aDesarrollo sostenible
650 6 _aBiodiversidad
650 6 _aClima
650 6 _aPublicaciones
662 _aHolanda
662 _aBenin
662 _aBhutan
662 _aCosta Rica
942 _cLIBRO
_2ddc
999 _c1273
_d1273